| 000 | 00451nam a22001697a 4500 | ||
|---|---|---|---|
| 003 | OSt | ||
| 005 | 20260401125939.0 | ||
| 008 | 260401b |||||||| |||| 00| 0 eng d | ||
| 082 |
_a745.0954 _bARYM |
||
| 100 | _aAryan, Subhasini & Aryan, B.N | ||
| 245 | _aMukhalingas : Transcendental images of shiva | ||
| 260 |
_aNew Delhi _bRekha Prakashan _c2023 |
||
| 300 | _a72p | ||
| 546 | _aEnglish | ||
| 650 | _aDrawing & decorative Arts | ||
| 942 |
_2ddc _cBK |
||
| 999 |
_c3972 _d3972 |
||